Running and Maintenance of the Marine Diesel Engine (Record no. 1196)

000 -LEADER
fixed length control field 00418nam a2200145 4500
008 - FIXED-LENGTH DATA ELEMENTS--GENERAL INFORMATION
fixed length control field 200113b ||||| |||| 00| 0 eng d
082 00 - DEWEY DECIMAL CLASSIFICATION NUMBER
Classification number 623.87236
Item number L2181
100 ## - MAIN ENTRY--PERSONAL NAME
9 (RLIN) 785
Personal name Lamb, John
245 10 - TITLE STATEMENT
Title Running and Maintenance of the Marine Diesel Engine
250 ## - EDITION STATEMENT
Edition statement 6th ed.
260 ## - PUBLICATION, DISTRIBUTION, ETC. (IMPRINT)
Place of publication, distribution, etc London
Name of publisher, distributor, etc Charles Griffin & Co.
Date of publication, distribution, etc 1957
300 ## - PHYSICAL DESCRIPTION
Extent vii, 432 p.
650 #0 - SUBJECT ADDED ENTRY--TOPICAL TERM
Topical term or geographic name as entry element Marine Diesel Motors
942 ## - ADDED ENTRY ELEMENTS (KOHA)
Source of classification or shelving scheme
Item type Books
Holdings
Withdrawn status Lost status Source of classification or shelving scheme Damaged status Not for loan Permanent location Current location Date acquired Full call number Barcode Date last seen Koha item type Total Checkouts Checked out Date last borrowed
          IMU Kolkata IMU Kolkata 1974-09-18 623.87236 L2181 04160 2020-01-13 Books      
          IMU Kolkata IMU Kolkata 1974-09-18 623.87236 L2181 04161 2020-01-13 Books      
          IMU Kolkata IMU Kolkata 2020-03-05 623.87236 L2181 04743 2025-12-19 Books 1 2026-06-17 2025-12-19
          IMU Kolkata IMU Kolkata 2020-03-05 623.87236 L2181 04754 2020-03-05 Books      
Designed and Maintained by IMU-KC Library, Kolkata Campus © Copyright All Rights Reserved

webs counters

Powered by Koha